000 00223 a2200085 4500
020 _a978-9392130915
100 _aGauri Kelkar
245 _a20 x 20: Twenty Architects x Twenty Iconic Homes of India
260 _bRoli Books
_c2025
999 _c13430
_d13430